Определение дозиметрических нагрузок в биологических тканях при проведении нейтрон-захватной терапии на реакторе ИРТ-Т; Методы компьютерной диагностики в биологии и медицине

מידע ביבליוגרפי
Parent link:Методы компьютерной диагностики в биологии и медицине.— 2018.— [С. 100-102]
מחבר תאגידי: Национальный исследовательский Томский политехнический университет Инженерная школа ядерных технологий Отделение ядерно-топливного цикла
מחברים אחרים: Смольников Н. В. Никита Викторович, Аникин М. Н. Михаил Николаевич, Наймушин А. Г. Артем Георгиевич, Лебедев И. И. Иван Игоревич
סיכום:Заглавие с экрана
Режим доступа: по договору с организацией-держателем ресурса
שפה:רוסית
יצא לאור: 2018
נושאים:
גישה מקוונת:https://elibrary.ru/item.asp?id=36360549
פורמט: MixedMaterials אלקטרוני Book Chapter
KOHA link:https://koha.lib.tpu.ru/cgi-bin/koha/opac-detail.pl?biblionumber=659631

MARC

LEADER 00000naa0a2200000 4500
001 659631
005 20250827140315.0
035 |a (RuTPU)RU\TPU\network\28298 
035 |a RU\TPU\conf\29524 
090 |a 659631 
100 |a 20190312d2018 k y0rusy50 ca 
101 0 |a rus 
102 |a RU 
135 |a drcn ---uucaa 
181 0 |a i  
182 0 |a b 
200 1 |a Определение дозиметрических нагрузок в биологических тканях при проведении нейтрон-захватной терапии на реакторе ИРТ-Т  |f Н. В. Смольников [и др.] 
203 |a Текст  |c электронный 
300 |a Заглавие с экрана 
320 |a [Библиогр.: 6 назв.] 
333 |a Режим доступа: по договору с организацией-держателем ресурса 
463 |t Методы компьютерной диагностики в биологии и медицине  |o сборник статей всероссийской школы-семинара, Саратов, 24-26 октября 2018  |v [С. 100-102]  |d 2018 
610 1 |a электронный ресурс 
610 1 |a труды учёных ТПУ 
610 1 |a дозиметрические комплекты 
610 1 |a биологические ткани 
610 1 |a нейтрон-захватная терапия 
610 1 |a реакторы 
610 1 |a ИРТ-Т 
701 1 |a Смольников  |b Н. В.  |c специалист в области ядерных технологий  |c инженер-физик Томского политехнического университета  |f 1998-  |g Никита Викторович  |3 (RuTPU)RU\TPU\pers\42160  |9 21494 
701 1 |a Аникин  |b М. Н.  |c специалист в области ядерных технологий  |c начальник службы Томского политехнического университета, кандидат технических наук  |f 1991-  |g Михаил Николаевич  |3 (RuTPU)RU\TPU\pers\32503  |9 16449 
701 1 |a Наймушин  |b А. Г.  |c специалист в области ядерных технологий  |c доцент Томского политехнического университета, кандидат физико-математических наук  |f 1986-  |g Артем Георгиевич  |3 (RuTPU)RU\TPU\pers\26460  |9 12163 
701 1 |a Лебедев  |b И. И.  |c специалист в области энергетики  |c инженер Томского политехнического университета  |f 1990-  |g Иван Игоревич  |3 (RuTPU)RU\TPU\pers\32502  |9 16448 
712 0 2 |a Национальный исследовательский Томский политехнический университет  |b Инженерная школа ядерных технологий  |b Отделение ядерно-топливного цикла  |3 (RuTPU)RU\TPU\col\23554 
801 2 |a RU  |b 63413507  |c 20190312  |g RCR 
850 |a 63413507 
856 4 |u https://elibrary.ru/item.asp?id=36360549 
942 |c CF